| 000 | 01581cam a22003974a 4500 | ||
|---|---|---|---|
| 001 | 14162945 | ||
| 003 | OSt | ||
| 005 | 20211111102507.0 | ||
| 008 | 051101s2006 nyua f 001 0 eng | ||
| 010 | _a 2005056215 | ||
| 015 |
_aGBA568673 _2bnb |
||
| 016 | 7 |
_a013274008 _2Uk |
|
| 020 | _a0071458239 | ||
| 035 | _a(OCoLC)ocm62331024 | ||
| 038 | _akhadija | ||
| 040 |
_aDLC _cDLC _dYDX _dBAKER _dUKM _dDLC |
||
| 042 | _apcc | ||
| 050 | 0 | 0 |
_aTK9965 _b.H285 2006 |
| 082 | 0 | 0 |
_a629.27 _222 _bHAR |
| 100 | 1 |
_aHarper, Gavin D. J. _968700 |
|
| 245 | 1 | 0 |
_a50 awesome auto projects for the evil genius / _cGavin D.J. Harper. |
| 246 | 3 | _aFifty awesome auto projects for the evil genius | |
| 260 |
_aNew York : _bMcGraw-Hill, _cc2006. |
||
| 300 |
_axvii, 206 p. : _bill. ; _c28 cm. |
||
| 440 | 0 |
_aEvil genius series _983581 |
|
| 500 | _aIncludes index. | ||
| 563 | _aPB | ||
| 650 | 0 |
_aElectronic apparatus and appliances _xDesign and construction _vAmateurs' manuals. _983856 |
|
| 650 | 0 |
_aAutomatic control _vAmateurs' manuals. _983857 |
|
| 856 | 4 | 2 |
_3Contributor biographical information _uhttp://www.loc.gov/catdir/enhancements/fy0634/2005056215-b.html |
| 856 | 4 | 2 |
_3Publisher description _uhttp://www.loc.gov/catdir/enhancements/fy0634/2005056215-d.html |
| 856 | 4 | 1 |
_3Table of contents only _uhttp://www.loc.gov/catdir/enhancements/fy0634/2005056215-t.html |
| 906 |
_a7 _bcbc _corignew _d1 _eocip _f20 _gy-gencatlg |
||
| 942 |
_2ddc _cBK |
||
| 999 |
_c32861 _d32861 |
||